00789nam a2200229 a 450000100100000000500170001000800410002704000250006804100380009308200170013110000210014824000420016924501020021126000440031330000280035749000200038553400630040565000190046865000250048770000270051283000200053900002437020200930022943.0110126s1966 mx a r 000 0 spa d aDO-SdBNPbspacBNPHU17aspaheng2Código de idioma MARC a551.6bH749a1 aHolmes, David C.10aThe story of the weather.lEspañol.10aLa atmósfera mar sin playas /cDavid C. Holmes ; versión española de Luisa María Alvarez. aMéxico, D. F. :bLimusa-Wiley,c1966. a237 p. :ail. ;a20 cm.1 aEl mundo de hoy aTítulo de la obra en inglés:tThe story of the weather 4aClimatología 4aEstado atmosférico1 aAlvarez, Luisa María 0aEl mundo de hoy